000
00287nam a22001337a 4500
008
181107b xxu||||| |||| 00| 0 eng d
020
_a
0806716010
041
_a
eng
080
_a
616.5
100
_a
7
101
_a
DER
245
_a
Atlas of Dermatology
_c
Rassner,G
942
_2
udc
_c
BK
999
_c
52161
_d
52161